[Event "Titled Tuesday intern op 18th Mar Late"]
[Site "Chess.com INT"]
[Date "2025.03.18"]
[Round "4"]
[White "Fedunov, Danil"]
[Black "Przybylski, Wojciech"]
[Result "0-1"]
[WhiteElo "1917"]
[BlackElo "2335"]
[PlyCount "66"]
[EventDate "2025.03.18"]
[EventType "swiss (blitz)"]
[EventRounds "11"]
[EventCountry "USA"]
[SourceTitle "CB13_2025"]
[SourceDate "2025.03.26"]
[SourceVersion "1"]
[SourceVersionDate "2025.03.26"]
[SourceQuality "1"]

1. e4 c5 2. Nf3 e6 3. e5 Nc6 4. c3 d6 5. exd6 Bxd6 6. Bd3 Nf6 7. Bc2 0-0 8. d3 b6 9. 0-0 Bb7 10. Re1 Re8 11. Nbd2 h6 12. Nf1 e5 13. Ng3 Bf8 14. h3 Qd7 15. Qe2 Rad8 16. Be3 Nd5 17. Ne4 f5 18. Bb3 Kh8 19. Nh4 fxe4 20. dxe4 Nxe3 21. fxe3 Na5 22. Bc2 Qd2 23. b3 Qxe2 24. Rxe2 Rd6 25. Nf5 Rf6 26. g4 g6 27. Ng3 Rd8 28. h4 Bc8 29. g5 Rf3 30. Kg2 Bg4 31. Rae1 h5 32. Rf2 Rxf2+ 33. Kxf2 Rd2+ 0-1